000 00724nam a2200181 i 4500
001 148906
003 ES-MaACL
005 20250714063721.0
007 t|
008 070214s1905 fr |||| | fre d
100 1 _aSully Prudhomme.
_9108764
245 1 3 _aLa vraie religion selon Pascal
_b: recherche de l'ordonnance purement logique de ses Pensées relatives áa la religion ; suivie d'une analyse du "Discours sur les passions de l'amour" /
_cpar Sully Prudhomme,...
260 _aParis :
_bFélix Alcan,
_c1905 (
_eCoulommiers :
_fPaul Brodard)
300 _aX, 444 p. ;
_c22 cm.
600 1 4 _aPascal, Blaise,
_d1623-1662-
_xCrítica e interpretación
_989308
852 _aES-MaACL
_jB-5582
999 _c148906
_d148906